000 01211cam a2200193 4500
001 ##L132606
008 060222n2006 000 0 eng u
035 _a(Sirsi) u132606
041 0 _aeng
050 0 4 _a333.0062 $2 18
110 1 _aRoyal Institution of Chartered Surveyors
_bProfessional Regulation and Consumer Protection
_94348
245 0 0 _aReform of RICS regulatory framework
_bconsultation paper
260 _aLondon
_bRICS
_c2006
520 _aSets out proposals for consultation on three key aspects of RICS' regulatory framework: regulation of firms, a principles-based approach to rule making and enforcement and penalty processes. These proposals are prefaced by an overview of regulation which describes the regulatory regime of RICS, reasons for reform and the main headings of Sir Bryan Carsberg's recommendations (L129322) to RICS in April 2005. Comments from RICS members and other stakeholders are required by 13 March 2006.
590 _aIKA280206
690 _aABOUT RICS-RICS PROFESSIONAL REGULATION AND CONSUMER PROTECTION
856 4 0 _uhttps://www.rics.org/RICSWEB/getpage.aspx?p=TUrMD6yATEuSItVNniPjAw
_zView the consultation paper free of charge at www.rics.org...
942 _n0
999 _c105192
_d105192